Представление документа в формате RUSMARC

ПолеНазваниеЗначение
  Тип записи a
  Библиографический уровень m
001 Контрольный номер RU/IS/BASE/319908286
005 Дата корректировки 20201206204437.0
010 Индекс ISBN __
d Цена 120-00; 1-20
101 Язык документа __
a Язык текста rus
c Язык оригинала rus
200 Заглавие и сведения об ответственности 0_
a Заглавие Вот она, наша Сибирь!
e Сведения, относящиеся к заглавию очерки
f Первые сведения об ответственности Кублицкий Г. И.
b Общее обозначение материала Текст
210 Выходные данные __
a Место издания М.
c Издательство Дет. лит.
d Дата издания 1985
215 Физическое описание __
a Объем 288 с.
330 Аннотация __
a Аннотация Автор - сибиряк, рассказывает о городах и стройках, о природе и людях, о том, чем богата и славна современная Сибирь.
600 Персоналии __
a Персоналии (Фамилия) Ермак
600 Персоналии __
a Персоналии (Фамилия) Кучум
c Дополнение к имени хан
600 Персоналии __
a Персоналии (Фамилия) Ремезов, С.
606 Тематические рубрики __
a Основная рубрика География
z Хронологическая подрубрика 20 в.
y Географическая подрубрика СССР; Россия; Сибирь
606 Тематические рубрики __
a Основная рубрика Страноведение
610 Ключевые слова __
a Ключевые слова детская литература; сибирские народы; сибирские территории; сибиряки; история Сибири; персоналии
686 Индексы других классификаций __
a Классификационный индекс 26.89(253); ст26.89(2Рос)
700 Автор _1
a Фамилия Кублицкий
b Имя Г. И.
4 Код отношения 070
801 Источник записи _0
a Страна RU
b Организация Муниципальное бюджетное учреждение культуры "Централизованная библиотечная система" г. Сургут (Центральная городская библиотека им. А. С. Пушкина)
g Правила каталогизации ЦДБ/Кундохова
801 Источник записи _1
a Страна RU
b Организация Муниципальное бюджетное учреждение культуры "Централизованная библиотечная система" г. Сургут (Центральная городская библиотека им. А. С. Пушкина)
g Правила каталогизации ЦДБ/Кундохова
852 Данные о местонахождении __
j Шифр хранения 26.89(253)
c Каталожный индекс 26.89(253)
i Авторский знак К 88
p Инвентарный номер 24369
901 Тип документа __
t Тип документа m
903 Характеристики (МАРС) __
a Дата передачи 20060928
990 Данные о заказе (DOS) __
j Количество экземпляров (DOS) 1; 1
t N записи в КСУ для И/У (DOS) 201003; ретр